KOHA-Header-6

تعمیر معاشرہ میں مسجد کا کردار (Record no. 13584)

000 -LEADER
fixed length control field 00358nam a22001217a 4500
082 ## - DEWEY DECIMAL CLASSIFICATION NUMBER
Classification number 297.6
100 ## - MAIN ENTRY--AUTHOR NAME
Personal name مولانا امیر الدین مہر
245 ## - TITLE STATEMENT
Title تعمیر معاشرہ میں مسجد کا کردار
260 ## - PUBLICATION, DISTRIBUTION, ETC. (IMPRINT)
Place of publication کراچی
Name of publisher النور پبلیکیشنز
Year of publication ٢٠٠٥
300 ## - PHYSICAL DESCRIPTION
Number of Pages ٢٤٠ صفحات
650 ## - SUBJECT ADDED ENTRY--TOPICAL TERM
Topical Term Masjid, Society
942 ## - ADDED ENTRY ELEMENTS (KOHA)
Koha item type Books
Holdings
Withdrawn status Lost status Collection code Permanent Location Current Location Shelving location Date acquired Full call number Accession Number Koha item type
    Islamic Studies MAJU MAJU Shelf No.A-9 2022-12-16 297.6 10677 Books

Powered by Koha